000 00381nam a2200145Ia 4500
005 20241210163155.0
008 231221s9999 xx 000 0 und d
020 _a9781907317125
082 _a720.47 YEA;1 R
100 _aYeang, Ken. Spector, Arthur.
245 0 _aGreen design : from theory to practice
260 _c2011
_bBlack Dog
_aLondon
300 _a143
942 _cAR
999 _c236156
_d236156